| 000 | 01471nam a2200397 a 4500 | ||
|---|---|---|---|
| 001 | 000115151 | ||
| 003 | CHAP | ||
| 005 | 20220329144519.0 | ||
| 008 | 181030s2018 mx a sm |||||||spa d | ||
| 010 | _a111612 | ||
| 011 | _a112584 | ||
| 040 | _cCHAP | ||
| 090 | _aTesis | ||
| 100 | 1 |
_aAyvar Vargas, María del Rocío. _99045 |
|
| 245 | 1 | 0 |
_aSeguro Agrícola para pequeños productores de maíz del Estado de Puebla / _h[En línea] _cpor María del Rocío Ayvar Vargas. |
| 260 |
_aChapingo, Méx. : _bEl autor, _c2018. |
||
| 500 | _aPara ver el contenido del material haga clic en la liga | ||
| 502 | _aTesis (Ph.D. en Economía Agrícola) -- UACH. División de Ciencias Económico-Administrativas | ||
| 590 |
_aBATCH _b00 _c20181121 _lUCH01 _h0758 |
||
| 590 |
_aE11695DGD _b10 _c20190616 _lUCH01 _h1602 |
||
| 590 |
_aE8697GMM _b05 _c20181030 _lUCH01 _h1345 |
||
| 590 |
_aE8697GMM _b05 _c20181030 _lUCH01 _h1346 |
||
| 590 |
_aE8697GMM _b05 _c20181030 _lUCH01 _h1438 |
||
| 590 |
_aE8697GMM _b05 _c20181203 _lUCH01 _h0926 |
||
| 590 |
_aE8697GMM _b05 _c20190516 _lUCH01 _h1556 |
||
| 650 | 1 | 4 |
_aPolítica agrícola _xPuebla. _990353 |
| 650 | 1 | 4 |
_aPolítica económica _xPuebla. _990522 |
| 650 | 1 | 4 |
_aSeguros agrícola _xMéxico. _9103734 |
| 650 | 1 | 4 |
_aSeguros agrícolas _xLeyes. _9103735 |
| 650 | 1 | 4 |
_aSubsidios. _9110160 |
| 856 |
_a1 _n0000677 |
||
| 856 |
_aFinding aid _uhttp://10.13.5.2/tesis/sist115151.pdf _zTeclea aquí |
||
| 901 | _aBK | ||
| 942 | _cTESIS | ||
| 942 | _n0 | ||
| 999 |
_c111612 _d111612 |
||